|
|
|
|
| LEADER |
00653naa a2200205 i 4500 |
| 001 |
publ17021 |
| 005 |
20191010112617.0 |
| 008 |
191010s2016 hu o 0|| magyar d |
| 020 |
|
|
|a 9789632265728
|
| 024 |
7 |
|
|a 3033325
|2 mtmt
|
| 040 |
|
|
|a SZTE Publicatio Repozitórium
|b hun
|
| 041 |
|
|
|a magyar
|
| 100 |
1 |
|
|a Szabó Győző János
|
| 245 |
1 |
0 |
|a Mellkasi sérülések
|h [elektronikus dokumentum] /
|c Szabó Győző János
|
| 260 |
|
|
|a Medicina Könyvkiadó Zrt.
|b Budapest
|c 2016
|
| 300 |
|
|
|a 20
|
| 300 |
|
|
|a 1165-1185
|
| 490 |
0 |
|
|a Sebészet
|
| 700 |
0 |
1 |
|a Varga Endre
|e aut
|
| 856 |
4 |
0 |
|u http://publicatio.bibl.u-szeged.hu/17021/1/cikk_002.pdf
|z Dokumentum-elérés
|